<?xml version="1.0" encoding="UTF-8"?><?xml-stylesheet type="text/xsl" href="static/style.xsl"?><OAI-PMH xmlns="http://www.openarchives.org/OAI/2.0/" xmlns:xsi="http://www.w3.org/2001/XMLSchema-instance" xsi:schemaLocation="http://www.openarchives.org/OAI/2.0/ http://www.openarchives.org/OAI/2.0/OAI-PMH.xsd"><responseDate>2026-06-01T19:23:04Z</responseDate><request verb="GetRecord" identifier="oai:riubu.ubu.es:10259/8836" metadataPrefix="marc">https://riubu.ubu.es/oai/request</request><GetRecord><record><header><identifier>oai:riubu.ubu.es:10259/8836</identifier><datestamp>2024-03-16T01:05:16Z</datestamp><setSpec>com_10259_4219</setSpec><setSpec>com_10259_5086</setSpec><setSpec>com_10259_2604</setSpec><setSpec>col_10259_4220</setSpec></header><metadata><record xmlns="http://www.loc.gov/MARC21/slim" xmlns:doc="http://www.lyncode.com/xoai" xmlns:xsi="http://www.w3.org/2001/XMLSchema-instance" xmlns:dcterms="http://purl.org/dc/terms/" xsi:schemaLocation="http://www.loc.gov/MARC21/slim http://www.loc.gov/standards/marcxml/schema/MARC21slim.xsd">
<leader>00925njm 22002777a 4500</leader>
<datafield tag="042" ind1=" " ind2=" ">
<subfield code="a">dc</subfield>
</datafield>
<datafield tag="720" ind1=" " ind2=" ">
<subfield code="a">Trejo Gabriel y Galán, José Mª</subfield>
<subfield code="e">author</subfield>
</datafield>
<datafield tag="720" ind1=" " ind2=" ">
<subfield code="a">Cubo Delgado, Esther</subfield>
<subfield code="e">author</subfield>
</datafield>
<datafield tag="260" ind1=" " ind2=" ">
<subfield code="c">2023-08</subfield>
</datafield>
<datafield tag="520" ind1=" " ind2=" ">
<subfield code="a">Introducción y objetivo: Es conocido que parte de la asistencia a los pacientes neurológicos se presta por teléfono, pero&#xd;
desconocemos las enfermedades que se atienden de esta manera y qué partes de la asistencia se proporcionan así. Pretendemos averiguarlo a través de esta revisión bibliográfica.&#xd;
Materiales y métodos: Se han revisado sistemáticamente las referencias sobre asistencia telefónica a enfermedades neurológicas accesibles a través de las plataformas PubMed, Embase y Cochrane, sin fecha de inicio y hasta el 3 de abril de&#xd;
2022. Se encontraron 618 referencias, de las que 219 no pasaron los criterios de exclusión, por lo que se revisaron 399.&#xd;
Resultados: Hay un aumento de publicaciones en los últimos años y, aunque la demencia no es la enfermedad más prevalente, es el área de la neurología con más publicaciones sobre asistencia telefónica. Le siguen los ictus, el traumatismo&#xd;
craneoencefálico, la esclerosis múltiple, la enfermedad de Parkinson y trastornos del movimiento, la epilepsia, las enfermedades neuromusculares y otras.&#xd;
Discusión y conclusiones: Las demencias son las enfermedades con más referencias bibliográficas sobre su asistencia telefónica a pesar de no ser las más prevalentes. Con frecuencia, el teléfono se utiliza para administrar escalas diagnósticas o&#xd;
apoyar a los cuidadores, y es especialmente útil en enfermedades que dificultan la movilidad y acudir presencialmente.</subfield>
</datafield>
<datafield tag="520" ind1=" " ind2=" ">
<subfield code="a">Introduction and aim: While part of the care for neurological patients is done by telephone, it is not well known what&#xd;
neurological diseases and which part of that care is provided by telephone. Our goal is to find it out through a bibliographic&#xd;
review.&#xd;
Materials and methods: References on telephone care for neurological diseases accessible through the PubMed, Embase,&#xd;
and Cochrane platforms have been systematically reviewed, with an unspecified start date and up to March 2022. We&#xd;
found 618 references, and as 219 did not pass the exclusion criteria, 399 were finally included in the review.&#xd;
Results: Dementia is the area of neurology with more publications about its telephone assistance. It is followed by stroke,&#xd;
head trauma, multiple sclerosis, Parkinson’s disease and movement disorders, epilepsy, neuromuscular disorders, and&#xd;
others.&#xd;
Discussion and conclusions: Dementias are the diseases with more bibliographic references on their telephone assistance&#xd;
despite not being the most prevalent. The telephone is frequently used to administer diagnostic scales or support&#xd;
caregivers and is particularly useful in diseases that limit mobility and attending a medical practice.</subfield>
</datafield>
<datafield tag="024" ind2=" " ind1="8">
<subfield code="a">0210-0010</subfield>
</datafield>
<datafield tag="024" ind2=" " ind1="8">
<subfield code="a">http://hdl.handle.net/10259/8836</subfield>
</datafield>
<datafield tag="024" ind2=" " ind1="8">
<subfield code="a">10.33588/rn.7703.2022284</subfield>
</datafield>
<datafield ind1=" " ind2=" " tag="653">
<subfield code="a">Asistencia telefónica</subfield>
</datafield>
<datafield ind1=" " ind2=" " tag="653">
<subfield code="a">Consulta remota</subfield>
</datafield>
<datafield ind1=" " ind2=" " tag="653">
<subfield code="a">Demencias</subfield>
</datafield>
<datafield ind1=" " ind2=" " tag="653">
<subfield code="a">Neurología</subfield>
</datafield>
<datafield ind1=" " ind2=" " tag="653">
<subfield code="a">Revisión sistemática</subfield>
</datafield>
<datafield ind1=" " ind2=" " tag="653">
<subfield code="a">Telemedicina</subfield>
</datafield>
<datafield ind1=" " ind2=" " tag="653">
<subfield code="a">Telephone assistance</subfield>
</datafield>
<datafield ind1=" " ind2=" " tag="653">
<subfield code="a">Remote consultation</subfield>
</datafield>
<datafield ind1=" " ind2=" " tag="653">
<subfield code="a">Dementia</subfield>
</datafield>
<datafield ind1=" " ind2=" " tag="653">
<subfield code="a">Neurology</subfield>
</datafield>
<datafield ind1=" " ind2=" " tag="653">
<subfield code="a">Systematic review</subfield>
</datafield>
<datafield ind1=" " ind2=" " tag="653">
<subfield code="a">Telemedicine</subfield>
</datafield>
<datafield tag="245" ind1="0" ind2="0">
<subfield code="a">La asistencia telefónica de las enfermedades neurológicas: una revisión sistemática</subfield>
</datafield>
</record></metadata></record></GetRecord></OAI-PMH>